La fenomenología /
El autor destaca la importancia de la fenomenología como una contribución de la filosofía husserliana al desarrollo de las ciencias humanas, por lo que reflexiona acerca de la relación directa que tiene esta corriente de pensamiento en el desarrollo de la psicología, la sociología y la historia.
Guardado en:
| Autor principal: | |
|---|---|
| Formato: | Libro |
| Idioma: | Español |
| Publicado: |
Barcelona, España :
Paidós,
1989, c1989
|
| Colección: | (Paidos Studio ;
76) |
| Temas: | |
| Etiquetas: |
Sin etiquetas, Sé el primero en etiquetar este registro!
|
MARC
| LEADER | 00000nam^a2200000^a^4500 | ||
|---|---|---|---|
| 001 | 000258338 | ||
| 005 | 20250521000000.0 | ||
| 009 | 20260310110324.037 | ||
| 020 | |a 84-7509-533-X | ||
| 037 | |a Acervo Xavier Clavigero | ||
| 041 | |a ESP | ||
| 082 | |a 142. 7 |b LYO | ||
| 100 | |a Lyotard, Jean-François |e (autor) | ||
| 240 | 1 | 4 | |a [La fenomenología] |
| 245 | 1 | 3 | |a La fenomenología / |c J.F. Lyotard ; tr. por Aída Aisenson de Kogan. |
| 264 | 4 | |a Barcelona, España : |b Paidós, |c 1989, c1989 | |
| 300 | |a 158 p. | ||
| 336 | |a texto |b txt |2 rdacontenido | ||
| 337 | |a sin mediación |b n |2 rdamedio | ||
| 338 | |a volumen |b nc |2 rdasoporte | ||
| 440 | 1 | |a (Paidos Studio ; |v 76) | |
| 500 | |a Traducción de: La phénoménologie | ||
| 520 | |a El autor destaca la importancia de la fenomenología como una contribución de la filosofía husserliana al desarrollo de las ciencias humanas, por lo que reflexiona acerca de la relación directa que tiene esta corriente de pensamiento en el desarrollo de la psicología, la sociología y la historia. | ||
| 649 | |a XX | ||
| 650 | |a Filósofos Alemanes | ||
| 650 | |a Fenomenología - |x Historia y Crítica | ||
| 650 | |a Fenomenología | ||
| 650 | |a Psicología | ||
| 650 | |a Sociología | ||
| 650 | |a Historia | ||
| 650 | |a Modernidad y Posmodernidad | ||
| 650 | |a Filosofía del Siglo XX | ||
| 650 | |a Filosofía Alemana - |x Historia y Crítica | ||
| 650 | |a Filosofía Francesa | ||
| 650 | |a Husserl, Edmund | ||
| 910 | |a Fondo General | ||
| 920 | |a Impresos - Libros | ||
| 930 | |a Colección General | ||
| 905 | |a 101 | ||
| 901 | |a 070520 |b IT1 |c ACC |u 20250521 | ||
| 901 | |a 070692 |b IT1 |c ACC |u 20250521 | ||
| 902 | |a https://opac.biblio.iteso.mx/vufind/Record/000258338 | ||